Presupuestos empresariales

Detalles Bibliográficos
Autor principal: Rincn̤ Soto, Carlos Augusto
Formato: eBook
Lenguaje:español
Publicado: Bogot ̀: Ecoe ediciones, 2011
Colección:Ciencias administrativas. Administracin̤
Materias:
Acceso en línea:Acceso restringido

MARC

LEADER 00000nam a22000007a 4500
005 20120402125146.0
007 cr|||| ||||
008 120402s2011 co |||||s|||| 00||0 spa d
020 |a 9789586486903 
035 |a 6256 
040 |a vLex 
090 |c 3117  |d 3117 
100 1 |a Rincn̤ Soto, Carlos Augusto 
245 1 0 |a Presupuestos empresariales  |h [Recurso electrn̤ico] /  |c Carlos Augusto Rincn̤ Soto  
256 |a Servicio en ln̕ea 
260 |a Bogot ̀:  |b Ecoe ediciones,  |c 2011 
300 |a 1 recurso electrn̤ico 
490 0 |a Ciencias administrativas. Administracin̤  
500 |a El presupuesto ofrece un anl̀isis sistemt̀ico del futuro y presente de un proceso productivo y financieo de una empresa, calculando los input y los output de los recursos, siendo estos dinero, tiempo, materiales, uso de maquinaria y de espacio, entre otros. Debe entregar como resultado, indicadores financieros sobre la cantidad y el costo de los recursos requeridos para desarrollar un producto, as ̕como datos concretos sobre su rentabilidad, la utilidad esperada y el flujo de efectivo. El presupuesto es un punto de partida de primordial importancia para analizar la manera en que se desarrollar ̀el proceso productivo de un nuevo pero̕do. Su estudio puede ayudar a prever problemas y dar soluciones anticipadas, as ̕como analizar dificultades eonm̤icas e identificar los puntos en que se debe buscar financiacin̤ y calcular la forma de pago para llegar a un punto de equilibrio. Ante todo, el presupuesto puede ser el fiscalizador de la meta empresarial y anteponer los controles debidos para cumplir con los objetivos previamente establecidos. El libro ofrece un material de trabajo expuesto de manera sencilla, con conceptos, prc̀ticas y didc̀ticas aplicativas para que los estudiantes puedan “aprender haciendo” todo lo esencial sobre Presupuestos empresariales. Trae informacin̤ sobre cada uno de los elementos que comprenden un presupuesto maestro, conceptos y un ejemplo que se desarrolla de manera continua en cada uno de los md̤ulos, as ̕como uno alterno que atraviesa la totalidad de la obra e incluye los contenidos aprendidos en cada md̤ulo. Adicionalmente, en el complemento virtual en ln̕ea, SIL, ofrece dos talleres finales de evaluacin̤ as ̕como ejemplos para las empresas industriales, de servicios y comerciales. 
506 1 |a Contenido solo disponible en los productos indicados  |d vLex Global   |d vLex Global (Academic Edition, excluding Law Schools)   |d vLex Global (U.S. Academic Edition, Law Schools)   |d vLex Global (U.S. Academic Edition, excluding Law Schools)   |d vLex Global (Academic Edition, Law Schools)  
650 0 4 |a Presupuestos 
650 0 4 |a Administracin̤ 
740 0 |a vLex Libros (Servicio en ln̕ea) 
856 4 0 |u http://vlex.com/source/presupuestos-empresariales-6256  |z Acceso restringido 
942 |c BOOK 
999 0 |a Budget 
999 0 |a Management